|
|
|
|
| LEADER |
01969njm a2200553 i 4500 |
| 001 |
001545337 |
| 003 |
CZ BrMZK |
| 005 |
20161103111234.0 |
| 007 |
sd fungnnmmned |
| 008 |
160929t20152015xr munng n zxx |
| 024 |
3 |
|
|a 8595017421501
|
| 028 |
0 |
1 |
|a F10215
|b Arta
|
| 040 |
|
|
|a BOA001
|b cze
|e rda
|
| 041 |
? |
|
|g cze
|g eng
|
| 043 |
|
|
|a e-xr---
|
| 045 |
|
|
|a w-x-
|
| 047 |
|
|
|a sy
|a nc
|
| 048 |
|
|
|a ob01
|
| 072 |
|
7 |
|x Instrumentální hudba. Symfonická hudba. Hudba pro více nástrojů
|a 785
|2 Konspekt
|9 9
|
| 080 |
|
|
|a 78.082.1
|2 MRF
|
| 080 |
|
|
|a 78.083.4
|2 MRF
|
| 080 |
|
|
|a (086.76)
|2 MRF
|
| 100 |
1 |
|
|a Dvořák, Antonín,
|d 1841-1904
|7 jn19981000826
|4 cmp
|
| 245 |
1 |
0 |
|a Symphony no. 1 ;
|b Nocturne in B major /
|c Antonín Dvořák
|
| 264 |
|
1 |
|a [Praha] :
|b Arta,
|c [2015]
|
| 264 |
|
4 |
|c ℗2015
|
| 300 |
|
|
|a 1 CD audio ;
|c 12 cm
|
| 336 |
|
|
|a hraná hudba
|b prm
|2 rdacontent
|
| 337 |
|
|
|a audio
|b s
|2 rdamedia
|
| 338 |
|
|
|a audiodisk
|b sd
|2 rdacarrier
|
| 344 |
|
|
|a digital
|b optical
|2 rda
|
| 347 |
|
|
|a audio soubor
|b CD audio
|2 rda
|
| 500 |
|
|
|a Název z disku
|
| 500 |
|
|
|a Fonogram Marek Štryncl & Musica Florea
|
| 500 |
|
|
|a Copyright 2HP Production s.r.o.
|
| 511 |
1 |
|
|a Musica Florea, dirigent Marek Štryncl
|
| 518 |
|
|
|a Živá nahrávka
|
| 648 |
|
7 |
|a 19.-20. století
|7 ch757015
|
| 650 |
0 |
7 |
|a symfonie
|7 ph126358
|z Česko
|y 19.-20. století
|2 czenas
|
| 650 |
0 |
4 |
|a nokturna (komorní orchestr)
|7 ph321721
|
| 655 |
|
7 |
|a kompaktní disky
|7 fd201991
|2 czenas
|
| 700 |
1 |
2 |
|a Dvořák, Antonín,
|d 1841-1904.
|t Symfonie,
|n č. 1,
|r c moll
|7 aun2008477679
|
| 700 |
1 |
2 |
|a Dvořák, Antonín,
|d 1841-1904.
|t Nokturno,
|m smyčcový orchestr,
|n op. 40,
|r H dur
|7 aun2007411861
|
| 700 |
1 |
|
|a Štryncl, Marek,
|d 1974-
|7 jn20010602004
|4 cnd
|
| 710 |
2 |
|
|a Musica Florea
|7 kn20030215080
|
| 910 |
|
|
|a BOA001
|b CDR-1374.226
|
| 990 |
|
|
|a AV
|
| 991 |
|
|
|b 201611
|
| 996 |
6 |
|
|b 2610683541
|c CDR-1374.226
|l MZK
|r Sklad / do 24 hodin
|n 0
|p p.v.
|w 001580635
|u 000010
|a 1
|e BOA001
|j MZK50
|s P
|